| 000 | 00934cab a2200301 4500 | ||
|---|---|---|---|
| 001 | ABS55364 | ||
| 008 | 090401t1996 xxu||||| |||| 00| 0 eng d | ||
| 035 | _a(Sirsi) u15982 | ||
| 041 | _aeng | ||
| 100 | _aSteel, T | ||
| 245 | _aVAT: original tenants and guarantors | ||
| 260 | _c1996 | ||
| 350 | _a0 | ||
| 490 |
_aEstates Gazette _v(9624) 15 June 1996, 138-139(2) |
||
| 520 | _aExplores the VAT implications for occupiers of commercial property when they dispose of leaseholds and considers the impact of the Landlord and Tenant (Covenants) Act 1995. Case law. | ||
| 650 | _aCOVENANTS | ||
| 650 | _aLANDLORD AND TENANT (COVENANTS) ACT 1995 | ||
| 650 | _aLEASES | ||
| 650 | _aLIABILITY | ||
| 650 | _aOVERRIDING LEASES | ||
| 650 | _aPRIVITY OF CONTRACT | ||
| 650 | _aVALUE ADDED TAX | ||
| 690 |
_aLandlord and tenant _96252 |
||
| 690 | _aTAXATION | ||
| 700 | _aBaldwin, M | ||
| 942 | _n0 | ||
| 948 | _c04/03/1997 | ||
| 999 |
_c10517 _d10517 |
||